LEADER 01184nam a2200289 u 4500 001 000000040876 003 CaOOAMICUS 005 20070226114142.0 008 980720s1981 it u000 u ita u 035 $a10800476 040 $aMSA$bita$dPUL 041 1 $aita$hger 100 1 $aSchmitt, Carl,$d1888-1985.$0(OLS)http://pul/name/27304 240 10$aPolitische Romantik.$lItaliano.$0(OLS)http://pul/title/55123 245 10$aRomanticismo politico /$cCarl Schmitt ; a cura di Carlo Galli. 260 $aMilano :$bGiuffrè,$c1981. 300 $axxxi, 252 p. ;$c21 cm 490 1 $aCiviltà del diritto ;$v42 650 4$aRomanticismo.$0(OLS)http://pul/subject/3381 700 1 $aGalli, Carlo.$0(OLS)http://pul/name/2733 830 0$aCiviltà del diritto ;$v42.$0(OLS)http://pul/title/13936 850 $aPUL 852 $aPUL$W1$xDP2 Diritto e Scienze Sociali 3$y110$m340 COLL 4.42$j175586$nBK-PRI$b $qDDC 21$B55470$CPULBib$Z2$F55470 $H85298 $81 941 1 $a9 961 $aPrecedente Collocazione: DCiv 94 42 996 $6245$aRomanticismo politico$9(OLS)http://pul/title/55124 996 $6260$aMilano :$bGiuffrè$9(OLS)http://pul/publisher/48401 LEADER 01208nam a2200277 a 4500 001 000000174802 003 CaOOAMICUS 005 20211008124516.0 008 211008s2021 it m 000 u ita r 032 $aLibriCat 040 $aPUL$bita 100 1 $aLando, Francesca.$0(OLS)http://pul/name/112361 245 13$aLe attività previe all'introduzione delle cause canoniche /$cFrancesca Lando. 260 $aRomae :$b[s.n.],$c2021. 300 $a339 p. ;$b$c24 cm 502 $aTesi di Dottorato. Pontificia Universitas Lateranensis. Facultas Iuris Canonici. Roma, 2021. 504 $aBibliografia: p. [315]-339. 650 4$aDiritto processuale canonico.$0(OLS)http://pul/subject/29586 710 2 $aPontificia Università Lateranense.$bFacoltà di diritto canonico.$kTesi.$0(OLS)http://pul/name/81682 850 $aPUL 852 $aPUL$W1$xDP1 Tesi Pon Univ. Lateranense$y41$m2021 C 25$j199101$qTesi$B203749$CPULBib$Z2$F203749 $82 941 1 $a16 960 $aDiritto canonico processuale$929586 996 $6245$aLe attività previe all'introduzione delle cause canoniche$9(OLS)http://pul/title/216153 996 $6260$aRomae :$b[s.n.]$9(OLS)http://pul/publisher/48223